000 01232nam a2200229Ia 4500
003 Ost
005 20260507075407.0
008 260507s9999||||xx |||||||||||||| ||und||
040 _cfsecg
041 _aara
082 _a330
100 _aقابل، محمد صفوت
_eمؤلف
245 0 _aالإقتصاد الجزئي /
_c محمد صفوت قابل
260 _a[دون مكان]:
_b[دون ناشر],
_c2008
300 _a469 صفحة؛
_bإيضاحات ؛
_c24 سم
520 _aيضم ماهية الإقتصاد، النظام الإقتصادي، السلع والخدمات، المشكلة الإقتصادية، محددات الطلب ومرونة الطلب، محددات العرض، مرونة العرض، كيفية تحديد سعر التوازن ، سلوك المستهلك، دالة الإنتاج، دالة التكاليف ، توازن المنتج في سوق المنافسة الكاملة، توازن المنتج في سوق الإحتكار، المنافسة الإحتكارية، احتكار القلة، التوزيع
653 _aالأسعار
653 _aالإقتصاد
653 _aالإقتصاد الجزئي
653 _aالمنافسة
942 _cكتاب
999 _c44325
_d44325